[Event "ESP-ch U14"]
[Site "Salobrena"]
[Date "2023.07.20"]
[Round "6"]
[White "Camps Abadia, Arnau"]
[Black "Li Chen, Helena Joana"]
[Result "0-1"]
[WhiteElo "1847"]
[BlackElo "1708"]
[PlyCount "92"]
[EventDate "2023.07.17"]
[EventType "swiss"]
[EventRounds "9"]
[EventCountry "ESP"]
[SourceTitle "EXT 2024"]
[Source "ChessBase"]
[SourceDate "2023.10.10"]
[SourceVersion "1"]
[SourceVersionDate "2023.10.10"]
[SourceQuality "1"]

1. d4 f5 2. e4 fxe4 3. Nc3 Nf6 4. Bg5 g6 5. h4 Bg7 6. h5 d5 7. h6 Bf8 8. Qd2 Nc6 9. 0-0-0 Bf5 10. Be2 Qd7 11. Rh4 0-0-0 12. Kb1 Kb8 13. a3 a6 14. Na4 Qe8 15. g4 Bc8 16. Nc5 Qf7 17. Qf4 Qg8 18. f3 exf3 19. Nxf3 Nd7 20. Nxd7+ Rxd7 21. Ne5 Nxe5 22. Qxe5 Rd6 23. Bf3 e6 24. Bg2 Rb6 25. Bf6 Bxa3 26. b3 Bd6 27. Qe3 Qf8 28. Bxh8 Qxh8 29. Rhh1 a5 30. Kb2 c5 31. Ka2 a4 32. bxa4 Ra6 33. dxc5 Rxa4+ 34. Kb3 Qe8 35. cxd6 Qb5+ 36. Kc3 Ra3+ 37. Kd2 Rxe3 38. Kxe3 Qc5+ 39. Ke2 Qxc2+ 40. Rd2 Qc4+ 41. Kf3 e5 42. Kf2 Qf4+ 43. Ke1 Qe3+ 44. Re2 Qc3+ 45. Kf2 Bxg4 46. Re3 Qd2+ 0-1

[Event "ESP-ch U14"]
[Site "Salobrena"]
[Date "2023.07.17"]
[Round "2"]
[White "Li Chen, Helena Joana"]
[Black "Rey Martinez, Jaime"]
[Result "0-1"]
[WhiteElo "1708"]
[BlackElo "2361"]
[PlyCount "66"]
[EventDate "2023.07.17"]
[EventType "swiss"]
[EventRounds "9"]
[EventCountry "ESP"]
[SourceTitle "EXT 2024"]
[Source "ChessBase"]
[SourceDate "2023.10.10"]
[SourceVersion "1"]
[SourceVersionDate "2023.10.10"]
[SourceQuality "1"]

1. e4 c5 2. Nf3 a6 3. d4 cxd4 4. Nxd4 Nf6 5. Nc3 e5 6. Nde2 Bb4 7. a3 Bxc3+ 8. Nxc3 d6 9. Bg5 Be6 10. Qd3 Nc6 11. 0-0-0 h6 12. Bxf6 Qxf6 13. Qxd6 Rd8 14. Qc5 Nd4 15. f3 h5 16. a4 Rh6 17. a5 Rg6 18. Qb4 Rd7 19. Rg1 Nxf3 20. Bb5 Qg5+ 21. Kb1 axb5 22. h4 Nd2+ 23. Ka1 Qd8 24. Qxb5 Kf8 25. Qxe5 Bg4 26. b4 Bxd1 27. Rxd1 Nb3+ 28. cxb3 Rxd1+ 29. Nxd1 Qxd1+ 30. Kb2 Rxg2+ 31. Ka3 Qc1+ 32. Ka4 Ra2+ 33. Kb5 Qc6# 0-1

[Event "Fuerteventura-ch"]
[Site "Puerto del Rosario"]
[Date "2023.03.26"]
[Round "4.3"]
[White "Gutierrez Perez, Jose"]
[Black "Li Chen, Helena Joana"]
[Result "1/2-1/2"]
[WhiteElo "1906"]
[BlackElo "1598"]
[PlyCount "94"]
[EventDate "2023.03.25"]
[EventType "swiss"]
[EventRounds "7"]
[EventCountry "ESP"]
[SourceTitle "EXT 2024"]
[Source "ChessBase"]
[SourceDate "2023.10.10"]
[SourceVersion "1"]
[SourceVersionDate "2023.10.10"]
[SourceQuality "1"]

1. d4 f5 2. f4 Nf6 3. Nf3 g6 4. e3 Bg7 5. Bd3 b6 6. Qe2 Bb7 7. c3 0-0 8. Nbd2 Ne4 9. Bxe4 fxe4 10. Ng5 Ba6 11. Qd1 d5 12. Ne6 Qd6 13. Nxf8 Kxf8 14. b3 c5 15. Ba3 Nd7 16. Rc1 b5 17. b4 c4 18. 0-0 Bc8 19. Bb2 Nf6 20. Qe1 a5 21. a3 h5 22. h3 Kf7 23. Qh4 Ng8 24. Rfe1 Nh6 25. Nf1 Bf6 26. Qf2 Nf5 27. g3 Bd7 28. Qg2 Rg8 29. h4 a4 30. Nh2 Bc8 31. Rc2 Nh6 32. Bc1 Bg4 33. Qf2 Bh3 34. Bd2 Ke8 35. Rec1 Nf5 36. Be1 Nh6 37. Rd2 Ng4 38. Nxg4 Bxg4 39. Kh2 Kd7 40. Qg1 e6 41. Qf2 Rh8 42. Kg1 Bf3 43. Qh2 Qf8 44. Rf2 Be7 45. Rxf3 exf3 46. Qf2 Qf5 47. Qxf3 Qe4 1/2-1/2

[Event "Fuerteventura-chT"]
[Site "Fuerteventura"]
[Date "2023.02.18"]
[Round "6.4"]
[White "Cochran, David"]
[Black "Li Chen, Helena Joana"]
[Result "0-1"]
[WhiteElo "1552"]
[BlackElo "1558"]
[PlyCount "94"]
[EventDate "2023.01.15"]
[EventType "team-tourn"]
[EventRounds "7"]
[EventCountry "ESP"]
[SourceTitle "EXT 2024"]
[Source "ChessBase"]
[SourceDate "2023.10.10"]
[SourceVersion "1"]
[SourceVersionDate "2023.10.10"]
[SourceQuality "1"]
[WhiteTeam "Dragones"]
[BlackTeam "Capablanca"]
[WhiteTeamCountry "ESP"]
[BlackTeamCountry "ESP"]

1. h3 c5 2. Nf3 d5 3. e3 Nc6 4. Bb5 Qc7 5. c3 e5 6. d3 Nf6 7. Na3 Bd6 8. Bd2 Bf5 9. Qe2 a6 10. Ba4 Qb6 11. Bc1 0-0 12. Bc2 e4 13. Nh4 exd3 14. Bxd3 Bxd3 15. Qxd3 Ne5 16. Qe2 c4 17. 0-0 Bxa3 18. bxa3 Nd3 19. Nf5 Qa5 20. Bb2 Rad8 21. f3 Rfe8 22. Nd4 Nh5 23. Qd2 Ng3 24. Rfd1 h5 25. h4 Qb6 26. Kh2 Nxb2 27. Kxg3 Nxd1 28. Rxd1 Qc5 29. Nc2 Qd6+ 30. Kh3 Re6 31. f4 Rg6 32. Rh1 Rg4 33. g3 Qe6 34. Kg2 Qe4+ 35. Kh2 Rxg3 36. Kxg3 Qxh1 37. Qf2 Rd6 38. f5 g6 39. Nd4 gxf5 40. Nf3 Rg6+ 41. Ng5 Qe4 42. Kh2 Qe5+ 43. Kg2 f6 44. Qf4 Qxf4 45. exf4 fxg5 46. hxg5 Re6 47. Kg3 Re3+ 0-1

[Event "ESP-ch U12"]
[Site "Salobrena"]
[Date "2021.07.08"]
[Round "6"]
[White "Li Chen, Helena Joana"]
[Black "Cesar Maestre, Eduardo"]
[Result "1-0"]
[WhiteElo "1292"]
[BlackElo "1568"]
[PlyCount "103"]
[EventDate "2021.07.05"]
[EventType "swiss"]
[EventRounds "9"]
[EventCountry "ESP"]
[SourceTitle "EXT 2022"]
[Source "ChessBase"]
[SourceDate "2021.10.06"]
[SourceVersion "1"]
[SourceVersionDate "2021.10.06"]
[SourceQuality "1"]

1. e4 c5 2. Nf3 d6 3. Bb5+ Bd7 4. Bxd7+ Nxd7 5. 0-0 e6 6. d4 cxd4 7. Nxd4 Ngf6 8. Nc3 Be7 9. Be3 0-0 10. Ndb5 Nb6 11. Qe2 a6 12. Nd4 e5 13. Nf5 Re8 14. Qf3 Bf8 15. Bg5 g6 16. Bxf6 Qd7 17. Qe3 Qe6 18. Qxb6 Qxf6 19. Nd5 Qg5 20. h4 Qd8 21. Qxd8 Rexd8 22. Nfe3 Rac8 23. c4 Kh8 24. b3 Rc6 25. Rac1 Rdc8 26. Rc2 Rd8 27. Rfc1 Rdc8 28. b4 Rb8 29. b5 Rc5 30. Nb6 Rd8 31. bxa6 bxa6 32. Rb2 Kg7 33. Nbd5 Ra5 34. Rcb1 Rd7 35. Nc3 Rc7 36. Rb7 Rcc5 37. Kf1 Ra3 38. R1b3 Raa5 39. Ke2 Rc6 40. Kd3 Rac5 41. R3b6 a5 42. Rxc6 Rxc6 43. Ra7 Rc5 44. Nb5 Rc8 45. Rxa5 Be7 46. g3 Bf8 47. a4 d5 48. Nxd5 Bc5 49. Na7 Ra8 50. Rxc5 Rxa7 51. a5 Rb7 52. Rb5 1-0

[Event "ESP-ch U12"]
[Site "Salobrena"]
[Date "2021.07.07"]
[Round "4"]
[White "Bethencourt Hernandez, Alberto"]
[Black "Li Chen, Helena Joana"]
[Result "1-0"]
[WhiteElo "1586"]
[BlackElo "1292"]
[PlyCount "129"]
[EventDate "2021.07.05"]
[EventType "swiss"]
[EventRounds "9"]
[EventCountry "ESP"]
[SourceTitle "EXT 2022"]
[Source "ChessBase"]
[SourceDate "2021.10.06"]
[SourceVersion "1"]
[SourceVersionDate "2021.10.06"]
[SourceQuality "1"]

1. e4 c5 2. Nf3 Nc6 3. Bb5 g6 4. 0-0 Bg7 5. Nc3 e5 6. a4 Nge7 7. Bc4 0-0 8. d3 d6 9. h3 Kh8 10. Ng5 Qe8 11. Nb5 Qd8 12. Nxf7+ Rxf7 13. Bxf7 a6 14. Nc3 Nd4 15. Ne2 Ndc6 16. Bb3 Qe8 17. c3 Bd7 18. Be3 g5 19. Ng3 h6 20. Qh5 Na5 21. Bf7 Qf8 22. Bxg5 Be8 23. Bxe8 Qxe8 24. Qxe8+ Rxe8 25. Bxe7 Rxe7 26. Nf5 Rd7 27. Nxg7 Kxg7 28. f4 c4 29. Rad1 exf4 30. Rxf4 Rf7 31. Rxf7+ Kxf7 32. d4 Ke6 33. Kf2 Kf6 34. h4 h5 35. Ke3 Nc6 36. Rf1+ Kg6 37. Kf4 Ne7 38. e5 d5 39. g4 Kh6 40. g5+ Kg6 41. Ke3 Nc8 42. Rf6+ Kg7 43. Kf4 Ne7 44. e6 Nc6 45. Rf7+ Kg6 46. Rxb7 a5 47. e7 Nxe7 48. Rb6+ Kg7 49. Ra6 Kh8 50. g6 Ng8 51. Ra8 Kg7 52. Rxg8+ Kxg8 53. Kg5 Kg7 54. Kxh5 Kf6 55. Kh6 Kf5 56. g7 Ke4 57. g8Q Ke3 58. Qg2 Kf4 59. Qe2 Kg3 60. Kg5 Kh3 61. Qg4+ Kh2 62. h5 Kh1 63. h6 Kh2 64. h7 Kh1 65. h8R# 1-0

[Event "ESP-ch U12"]
[Site "Salobrena"]
[Date "2021.07.06"]
[Round "3"]
[White "Li Chen, Helena Joana"]
[Black "Fernandez Ramos, Iago"]
[Result "0-1"]
[WhiteElo "1292"]
[BlackElo "1647"]
[PlyCount "114"]
[EventDate "2021.07.05"]
[EventType "swiss"]
[EventRounds "9"]
[EventCountry "ESP"]
[SourceTitle "EXT 2022"]
[Source "ChessBase"]
[SourceDate "2021.10.06"]
[SourceVersion "1"]
[SourceVersionDate "2021.10.06"]
[SourceQuality "1"]

1. e4 e5 2. Nf3 Nc6 3. Bb5 Nge7 4. 0-0 g6 5. c3 Bg7 6. Re1 0-0 7. d3 h6 8. Be3 d6 9. Nbd2 f5 10. Nf1 Kh7 11. h3 a6 12. Ba4 fxe4 13. dxe4 g5 14. N1h2 Ng6 15. Nd2 Nf4 16. Bxf4 gxf4 17. Qh5 Bd7 18. Kf1 Qe7 19. Ke2 b5 20. Bc2 Nd8 21. Rg1 Ne6 22. Qf3 c5 23. Bb3 c4 24. Bc2 Ng5 25. Qh5 Be8 26. Qh4 Bf6 27. Ng4 Bg7 28. Nf3 Ra7 29. Nxg5+ Qxg5 30. Qxg5 hxg5 31. Rgd1 Rd7 32. a4 Bg6 33. axb5 axb5 34. Rd5 Rb8 35. Ra5 b4 36. Rdb5 Rxb5 37. Rxb5 b3 38. Bb1 Ra7 39. Rd5 Ra1 40. Rd1 d5 41. exd5 Rxb1 42. Rxb1 Bd3+ 43. Kd2 Bxb1 44. f3 Kg6 45. Nf2 Kf5 46. Ng4 e4 47. fxe4+ Bxe4 48. d6 Ke6 49. Nf2 Bxg2 50. Ke2 Kxd6 51. Kd2 Kd5 52. Ke2 Bxc3 53. bxc3 b2 54. Ng4 b1Q 55. Nf6+ Ke6 56. Ng4 Qd3+ 57. Kf2 Qf1# 0-1